Prénoms filles 2006 - Statistiques

Statistiques générales
  • Ce quiz a été pris 295 fois
  • Le résultat moyen est 52 sur 100
Statistiques - réponses
Hint Lettre Prénoms % Correct
2 L Léa
93%
1 E Emma
92%
29 L Lou
91%
17 J Julie
90%
5 C Chloé
87%
13 M Marie
86%
4 M Manon
82%
51 C Camille
81%
24 L Louise
81%
3 C Clara
80%
6 J Jade
78%
20 Z Zoé
77%
19 J Juliette
73%
11 I Inès
72%
31 J Jeanne
72%
43 A Anna
71%
16 L Lisa
71%
7 L Lola
70%
34 P Pauline
70%
74 S Sara
70%
27 L Laura
68%
18 R Romane
67%
52 E Élise
66%
48 J Julia
66%
10 L Lucie
66%
30 C Charlotte
64%
35 A Alice
63%
46 E Elisa
63%
12 E Eva
63%
25 L Léna
61%
9 O Océane
61%
15 S Sarah
61%
37 J Justine
60%
22 M Mathilde
60%
42 M Marine
58%
36 C Carla
57%
28 C Clémence
57%
87 L Lise
57%
26 N Noémie
57%
57 V Valentine
57%
14 L Lilou
56%
40 L Lina
56%
90 R Rose
56%
39 E Émilie
55%
8 A Anaïs
54%
69 M Marion
54%
47 N Nina
53%
96 O Olivia
53%
38 A Ambre
51%
49 L Louane
51%
54 M Margot
51%
45 A Alicia
50%
67 A Amélie
50%
41 M Maëlle
50%
21 C Célia
49%
59 E Éloïse
49%
78 F Fanny
48%
88 G Gabrielle
48%
71 V Victoria
47%
91 C Clémentine
46%
61 L Lana
46%
23 M Maëlys
46%
53 M Margaux
46%
97 H Héloïse
44%
55 L Léane
44%
33 L Louna
44%
68 Y Yasmine
44%
56 A Agathe
42%
82 E Elena
41%
83 L Lily
41%
76 L Luna
41%
77 N Ninon
41%
58 A Amandine
40%
72 E Elsa
39%
86 A Adèle
38%
84 C Cloé
38%
32 M Maeva
37%
50 M Mélissa
36%
44 M Morgane
36%
66 C Cassandra
35%
65 S Salomé
35%
95 M Maya
34%
85 S Solène
34%
94 C Coralie
33%
73 L Léonie
33%
70 F Flavie
32%
63 M Mélina
32%
92 C Clarisse
31%
81 C Coline
31%
79 A Alexia
30%
93 L Laurine
30%
99 E Émeline
29%
98 M Méline
29%
62 A Anaëlle
27%
75 C Capucine
27%
60 C Candice
24%
89 A Andréa
23%
64 L Loane
23%
80 A Angelina
17%
100 M Myriam
14%
Aucun quiz correspondant
Distribution des résultats
% des personnes avec chaque résultat
Percentile par nombre de réponses
Votre historique - résultats
Vous n’avez pas pris ce quiz